| 000 | 00716nam a2200217 a 4500 | ||
|---|---|---|---|
| 005 | 20221119063442.0 | ||
| 008 | 190212s19982011mx r 000 0 spa d | ||
| 020 | _a9788449325915 | ||
| 035 | _aUPN01000229030 | ||
| 049 | _aCG | ||
| 050 | 4 |
_aRJ506 A9 _bW5.2 |
|
| 100 | 1 |
_aWing, Lorna, _d1928-2014 _942694 |
|
| 245 | 1 | 3 |
_aEl autismo en niños y adultos : _buna guía para la familia / _cLorna Wing ; tr. de Pilar Paterna Molina. |
| 260 |
_aBarcelona, Esp. : _bPaidós, _c1998 (2011 impr.). |
||
| 300 | _a287 p. | ||
| 440 | 0 | _aPaidós psicología hoy | |
| 534 |
_pTítulo original: _tThe autistic spectrum : a guide for parents and professionals |
||
| 650 | 2 |
_aAutismo _9362 |
|
| 905 | _aLibro | ||
| 999 |
_c201125 _d201125 |
||